000
00323nam a22001457a 4500
003
SGT
020
_a
97815-43347-62-3
082
_a
611
_b
DAS
100
_a
DAS, DR. MANS KUMAR
245
_a
LAB MANUAL HUMAN ANATOMY
260
_a
INDIA
_b
S. VIKASH
_c
2023
300
_a
88
650
_a
HUMAN ANATOMY
942
_2
ddc
_c
BK
999
_c
32498
_d
32498